[Event "HCL-B3957"]
[Site "www.playchess.de"]
[Date "2006.03.22"]
[Round "10"]
[White "chn"]
[Black "patzer55"]
[WhiteElo "1266"]
[BlackElo "1375"]
[PlyCount "81"]
[Result "0-1"]

1.e4 e5 2.Nf3 Nc6 3.Bc4 Bc5 4.a3 Nf6 5.Ng5 O-O 
6.b4 Be7 7.Nc3 h6 8.Nf3 a6 9.d4 exd4 10.Nxd4 Nxd4 
11.Qxd4 c6 12.e5 b5 13.Bd3 Ne8 14.Qe4 g6 15.O-O d5 
16.exd6 Bf5 17.Qxc6 Nxd6 18.Bxf5 Nxf5 19.Bb2 Qd6 
20.Qxd6 Bxd6 21.Nd5 f6 22.Nxf6+ Kf7 23.g4 Nh4 
24.f3 Rac8 25.Rad1 Rxc2 26.Rxd6 Rxb2 27.Rxa6 Rd8 
28.Ne4 Rd3 29.Ra7+ Kf8 30.Rc1 Nxf3+ 31.Kf1 Nxh2+ 
32.Kg1 Nf3+ 33.Kf1 Nh2+ 34.Ke1 Re3+ 35.Kd1 Rxe4 
36.Rc6 Nxg4 37.Rxg6 Rf4 38.Ke1 Ne3 39.Rg1 Ng2+ 
40.Kd1 Rb1+ 41.Ke2 0-1

[Event "HCL-B3900"]
[Site "www.playchess.de"]
[Date "2006.03.22"]
[Round "10"]
[White "k4m1k4tze"]
[Black "ramoz"]
[WhiteElo "1200"]
[BlackElo "1300"]
[PlyCount "36"]
[Result "0-1"]

1.e4 e5 2.Nc3 c6 3.Bc4 g6 4.Nf3 d6 5.O-O h6 6.d4 
Nd7 7.Be3 Qf6 8.d5 c5 9.Qd3 Nb6 10.a4 a5 11.Bb5+ 
Bd7 12.Bxd7+ Nxd7 13.Nb5 Qd8 14.c4 b6 15.b3 Be7 
16.Ra2 Ngf6 17.h3 Nb8 18.Ne1 Na6 0-1

[Event "HCL-E1593"]
[Site "www.playchess.de"]
[Date "2006.03.22"]
[Round "7"]
[White "carlosmadeira"]
[Black "KingTito"]
[WhiteElo "1593"]
[BlackElo "2000"]
[PlyCount "73"]
[Result "1-0"]

1.e4 {bom jogo pra voce}  e5 2.Nf3 d6 3.h3 Nc6 
4.Bb5 Nge7 5.c3 a6 6.Ba4 b5 7.Bc2 Be6 8.O-O g6 
9.d4 Bc4 10.Re1 exd4 11.cxd4 Nb4 12.d5 Bxa2 13.Nc3 
Bc4 14.b3 Bg7 15.Bb2 Bxd5 16.exd5 O-O 17.Rb1 Nxc2 
18.Qxc2 b4 19.Ne4 Bxb2 20.Rxb2 f5 21.Neg5 Qd7 
22.Ne6 Rfc8 23.Qd2 Rcb8 24.Rc2 Ra7 25.Qd4 Nc8 
26.Qf6 Nb6 27.Qd4 Nc8 28.Nd2 a5 29.g4 fxg4 30.Ne4 
Qe7 31.Nf6+ Kf7 32.Ng5+ Kf8 33.Rxe7 c5 34.Re8+ Kg7 
35.Rg8+ Kh6 36.Qxg4 a4 37.Qh4+ 1-0

[Event "HCL-B3957"]
[Site "www.playchess.de"]
[Date "2006.03.22"]
[Round "4"]
[White "eisbaer17"]
[Black "chn"]
[WhiteElo "1339"]
[BlackElo "1266"]
[PlyCount "52"]
[Result "1-0"]

1.e4 e5 2.Nf3 Nc6 3.Bc4 d6 4.c3 Nf6 5.Ng5 d5 
6.exd5 Nxd5 7.Qf3 Qxg5 8.Bxd5 Be6 9.Bxc6+ Kd8 
10.Bd5 c6 11.Bxe6 fxe6 12.O-O Qg6 13.Qe3 Qf5 14.d4 
h6 15.Nd2 Be7 16.dxe5 Bg5 17.f4 Be7 18.Ne4 Rf8 
19.Rd1+ Ke8 20.Nd6+ Bxd6 21.Rxd6 Rd8 22.Rxd8+ Kxd8 
23.Qxa7 Kc7 24.Be3 Qd3 25.Qa5+ Kd7 26.Qc5 
Rd8 1-0

[Event "HCL-B3934"]
[Site "www.playchess.de"]
[Date "2006.03.22"]
[Round "8"]
[White "chn"]
[Black "cabe"]
[WhiteElo "1200"]
[BlackElo "1106"]
[PlyCount "67"]
[Result "0-1"]

1.e4 e5 {Hello from Amsterdam. Have a good game!}  
2.Nf3 Nf6 3.Bc4 Nc6 4.Ng5 Bc5 5.Nxf7 Qe7 6.Nxh8 
Bxf2+ 7.Kxf2 Nxe4+ 8.Kf1 Qf6+ 9.Qf3 Qxf3+ 10.gxf3 
Ng5 11.Na3 Nd4 12.Rg1 Ndxf3 13.Bf7+ Kf8 14.d4 Nxg1 
15.Bxg5 Nf3 16.Bd8 c6 17.Kg2 Nxd4 18.Rf1 g6 19.Bf6 
d6 20.Bg5 Bf5 21.Bh6+ Ke7 22.Bg7 Ne6 23.Bxe6 Kxe6 
24.Nc4 Rg8 25.Bh6 Rxh8 26.Rd1 d5 27.Na5 Bxc2 
28.Rc1 Be4+ 29.Kg3 Rb8 30.Nb3 d4 31.Nc5+ Kd5 
32.Nd7 Rd8 33.Nf6+ Ke6 34.Nxe4 0-1

[Event "HCL-C4140"]
[Site "www.playchess.de"]
[Date "2006.03.22"]
[Round "10"]
[White "tomboy"]
[Black "daveboy6968"]
[WhiteElo "800"]
[BlackElo "981"]
[PlyCount "76"]
[Result "0-1"]

1.d4 d6 {hello again tom mate dont forget you need 
to concentrate boy,you just have to do your best 
mate,,goodluck love dad xxx}  2.Nc3 e5 3.e3 {it 
works}  Bf5 {well done mate keep up the good work 
:-) xxx}  4.Qd2 {hi}  Nc6 {hello again monkey :-) 
xxx}  5.f3 {hi}  exd4 {hello again sick monkey :-) 
xxx}  6.exd4 {got u back}  d5 {sure did monkey 
:-)}  7.Be2 {thanks again}  Bb4 {your welcome 
young geezer :-) xxx}  8.Qe3+ Nge7 9.a3 {hi dad 
:-)}  Bxc3+ {ello monkey :-)}  10.Qxc3 {hello dad} 
 a6 {eh oh monkey :-) xxx}  11.Be3 {hi dad :-) i 
did it with the smile}  O-O 12.Nh3 {a good game so 
far :-)}  Bxh3 {certainly is monkey how are you 
doing against uncle alan? :-) xxx}  13.gxh3 {i am 
doing well i have not lost any pieces not at the 
moment}  Nf5 {but you now have doubled pawns on 
the a rank you should try to advoid that me thinks 
:-) xxx}  14.O-O {thanks dad:-)}  Nxe3 {watch out 
dad is about :-) xxx}  15.Qxe3 {to what dad :-)}  
Re8 {im going to at least try to beat you young 
man ;-))) xxx}  16.Qf2 {bring it on dad i am 
trying my best at this :-)}  Qf6 {i know mate 
thats all you can do matey love dad :-) xxx}  
17.c3 {i dont know smarty face :-)}  Re6 {whatever 
am i bovered :-) xxx}  18.f4 {am i bovered?}  Rae8 
{you should be :-) xxx}  19.Bf3 {so dad ho do you 
thinck i am doing
:-) ;-) :-o :-#}  R6e3 {your playing better than 
your spelling :-) xxx}  20.Bg2 {thanks dad ;-)}  
R3e2 {your welcome tiny :-) xxx}  21.Qg3 {you 
welcome to ;-)}  R8e3 {cheers monkey :-) xxx}  
22.Qg4 {hi:-)}  Qd8 {hello kato ;-) xxx}  23.Ra2 
{who is kato dad and you have made me stuck}  Ne7 
{kato was the chinese man that always jumped out 
on inspector clueso in the pink panther films :-) 
xxx}  24.a4 {thanks dad i see good game ha     ;-# 
:-():-0 :-)}  b6 {your getting good on the little 
faces :-) xxx}  25.f5 f6 {your playing well tom 
:-)) xxx}  26.Kh1 {thanks you have made me stuck}  
Nc6 {well i have to try matey ;-)}  27.Qh5 { 
thanks and good luck}  Na5 {your being cheeky 
again ;-) xxx}  28.h4 {thanks}  Nc4 {your welcome 
monkey ;-)}  29.h3 { get better soon and i fave 
told a teacher . :-)}  Nd2 {cheers matey you be 
good now ;-) xxx}  30.Rg1 {thanks i do prefer 
doing it  like this}  c6 31.b3 {thanks dad}  Rf2 
{no wories little un :-) xxx}  32.Ra3 {hi dad 
:-)
}  Qe7 {hello mate why are you not letting me beat 
you ? :-)) only joking keep going mate :-)) love 
dad xxx}  33.Kh2 Qxa3 34.Qg4 {hi dad ;-)}  Nf3+ 
{hello mate sort that out :-) xxx}  35.Kh1 Nxg1 
36.Kxg1 {hi dad}  Ree2 {hi mate you is in trouble 
:-) xxx}  37.Qh5 { i know}  Rfxg2+ {never mind 
mate you have played well :-) xxx 2 more moves 
mate :-)}  38.Kf1 {all right then i have to try 
harder}  Qc1+ {bad luck mate you played well love 
dad xxx}  0-1

[Event "HCL-C4155"]
[Site "www.playchess.de"]
[Date "2006.03.22"]
[Round "6"]
[White "Genesio"]
[Black "Tribun"]
[WhiteElo "1067"]
[BlackElo "803"]
[PlyCount "71"]
[Result "1-0"]

1.e4 {Welcome!}  e5 {thank you}  2.Nf3 Nf6 3.Nxe5 
Bb4 {...wow}  4.Bc4 d5 5.exd5 O-O 6.O-O Nbd7 7.d4 
a5 8.c3 Bd6 9.a3 Nb6 10.Ba2 Ne4 11.Qf3 Nf6 12.Bg5 
Nbd7 13.Nxd7 Bxd7 14.Re1 Bg4 15.Qd3 Qd7 16.Bxf6 
gxf6 17.Nd2 f5 18.h3 Bxh3 19.Qxh3 Qd8 20.Qxf5 Qh4 
21.Nf3 Qh6 22.Re4 Kh8 23.Rh4 Qg6 24.Qxg6 fxg6 
25.Ng5 h5 26.g4 Rf4 27.f3 Re8 28.Ne6 Rxf3 29.gxh5 
Rg3+ 30.Kf2 Re7 31.hxg6+ Kg8 32.Rg1 Rd3 33.Bb1 
Rd2+ 34.Kf3 a4 35.Rgh1 Rxb2 36.R4h8+ 1-0

[Event "HCL-A2576"]
[Site "www.playchess.de"]
[Date "2006.03.22"]
[Round "3"]
[White "victorabiodun03"]
[Black "Spotsychess"]
[WhiteElo "1357"]
[BlackElo "1448"]
[PlyCount "105"]
[Result "1-0"]

1.e4 e6 2.d3 b6 3.Nf3 Bb7 4.Nbd2 Nf6 5.g3 Be7 
6.Bg2 O-O 7.O-O d6 8.Re1 Nbd7 9.Nf1 e5 10.Ne3 g6 
11.h4 c6 12.Nh2 d5 13.Neg4 d4 14.Nh6+ Kg7 15.N2g4 
Nxg4 16.Qxg4 Nf6 17.Qf3 c5 18.g4 Ng8 19.Nxg8 Rxg8 
20.h5 h6 21.hxg6 fxg6 22.Qg3 Qd6 23.Rf1 g5 24.Bf3 
Raf8 25.Kg2 Rf6 26.Be2 Rgf8 27.f3 Bc6 28.Rh1 Be8 
29.Qh3 Rh8 30.Bxg5 Rf7 31.Bxe7 Qxe7 32.Qg3 Rf4 
33.Qh4 Qxh4 34.Rxh4 Bf7 35.Rah1 a6 36.Kg3 b5 37.a3 
c4 38.Ra1 a5 39.c3 cxd3 40.Bxd3 Bc4 41.Bxc4 bxc4 
42.Rh5 Re8 43.cxd4 Ref8 44.Rf1 exd4 45.Rd5 d3 
46.Rd4 Kg6 47.Rxc4 d2 48.Rd4 Kg5 49.Rxd2 Rxe4 
50.Rd5+ Kg6 51.Rd6+ Kg7 52.fxe4 Rxf1 
53.Rb6 1-0

[Event "HCL-A2627"]
[Site "www.playchess.de"]
[Date "2006.03.22"]
[Round "16"]
[White "mrchess"]
[Black "Snillie"]
[WhiteElo "1416"]
[BlackElo "1462"]
[PlyCount "58"]
[Result "0-1"]

1.e4 {prettige partij}  d6 2.d4 Nf6 3.Nd2 g6 4.Bd3 
e5 5.c3 Bg7 6.Ngf3 Qe7 7.O-O O-O 8.d5 Nbd7 9.c4 
Nc5 10.Bc2 Ne8 11.b4 Na6 12.Nb3 h6 13.a3 f5 14.b5 
Nc5 15.Nxc5 dxc5 16.Qe2 Nd6 17.a4 fxe4 18.Bxe4 
Nxe4 19.Qxe4 Bf5 20.Qe1 Bd3 21.Bb2 e4 22.Bxg7 Qxg7 
23.Nd2 Bxf1 24.Nxf1 Rae8 25.Rc1 b6 26.Ne3 Rf7 
27.Rc2 Ref8 28.Nd1 Qd4 29.Qc3 Qxd1+ 0-1

[Event "HCL-A2611"]
[Site "www.playchess.de"]
[Date "2006.03.22"]
[Round "14"]
[White "quant"]
[Black "Matu"]
[WhiteElo "1531"]
[BlackElo "1531"]
[PlyCount "101"]
[Result "1-0"]

1.e4 {Guten Tag, viel Glück!}  c6 {danke 
gleichfalls}  2.d4 d5 3.e5 Bf5 4.Nc3 h6 5.g4 Bh7 
6.h4 e6 7.Bg2 Nd7 8.Nge2 c5 9.f4 cxd4 10.Nxd4 Bc5 
11.Be3 a6 12.Qd2 Rc8 13.O-O-O b5 14.f5 Nxe5 
15.fxe6 Nc4 16.exf7+ Kxf7 17.Qf2+ Qf6 18.Bxd5+ Ke8 
19.Rhf1 Qxf2 20.Bxf2 Nf6 21.Bxc4 Bxd4 22.Bxb5+ 
axb5 23.Rxd4 Ke7 24.g5 hxg5 25.hxg5 Nh5 26.Re1+ 
Kf7 27.Re2 Rhe8 28.Rxe8 Rxe8 29.Nxb5 Re5 30.c4 
Rxg5 31.b4 Rg2 32.Rd2 Nf6 33.Bd4 Rg4 34.Bxf6 Kxf6 
35.Na3 Bg8 36.Rc2 Rg1+ 37.Kb2 g5 38.b5 Bh7 39.Rc3 
g4 40.c5 Rg2+ 41.Kb3 Bg8+ 42.Nc4 Ke7 43.c6 Rg1 
44.Kb4 Rb1+ 45.Kc5 Bxc4 46.Rxc4 g3 47.Rg4 Kd8 
48.Rxg3 Kc8 49.b6 Rc1+ 50.Kb5 Rb1+ 
51.Ka6 1-0

[Event "HCL-A2621"]
[Site "www.playchess.de"]
[Date "2006.03.22"]
[Round "19"]
[White "mrchess"]
[Black "victorabiodun03"]
[WhiteElo "1473"]
[BlackElo "1579"]
[PlyCount "81"]
[Result "1/2-1/2"]

1.d4 {good luck}  Nf6 {same too
}  2.Bg5 Ne4 {Ha Ha}  3.Bh4 g5 4.Bg3 Bg7 5.e3 d5 
6.c3 c5 7.Bd3 Nxg3 8.hxg3 cxd4 9.exd4 h6 10.Nf3 
Nc6 11.O-O Bg4 12.Nbd2 O-O 13.Qc2 Rc8 14.Bf5 Bxf5 
15.Qxf5 e6 16.Qc2 Qf6 17.Rae1 Rfe8 18.Qb1 e5 
19.dxe5 Nxe5 20.Nxe5 Rxe5 21.Rxe5 Qxe5 22.Re1 Qf6 
23.Nf3 Qb6 24.Qf5 Rd8 25.Re2 d4 26.cxd4 Bxd4 
27.Nxd4 Qxd4 28.Re7 Qd1+ 29.Kh2 Qh5+ 30.Qh3 Qxh3+ 
31.Kxh3 Rd2 32.Rxb7 Rxf2 33.a4 a5 34.g4 Kg7 35.Kg3 
Rf4 36.b3 Rd4 37.Rb5 Kg6 38.Kh3 h5 39.gxh5+ Kxh5 
40.g3 Rd3 41.Rxa5 {(offering draw)} 
 1/2-1/2

[Event "HCL-C4108"]
[Site "www.playchess.de"]
[Date "2006.03.22"]
[Round "6"]
[White "Skipper_Robert"]
[Black "Genesio"]
[WhiteElo "982"]
[BlackElo "1067"]
[PlyCount "136"]
[Result "1/2-1/2"]

1.d4 Nf6 {Welcome!}  2.e3 d5 3.Nc3 e6 4.Nf3 Bb4 
5.Bd2 O-O 6.Ne5 Nbd7 7.Qf3 Bxc3 8.Bxc3 Ne4 9.Bb4 
c5 10.Ba3 b6 11.Bd3 Nxe5 12.dxe5 Ng5 13.Qf4 Re8 
14.Bb5 Re7 15.Qxg5 h6 16.Qg4 a6 17.Be2 Qc7 18.f4 
b5 19.b4 c4 20.c3 Bd7 21.O-O Rf8 22.Bc1 f5 23.Qg3 
Be8 24.h4 a5 25.a3 h5 26.Qg5 g6 27.Qg3 axb4 
28.Bxh5 Rg7 29.Be2 Kf7 30.axb4 Rh8 31.Qf2 Bc6 
32.g3 Ra8 33.Bb2 Rgg8 34.g4 Ra4 35.Ra3 Rxa3 
36.Bxa3 Qa7 37.Bb2 Qa2 38.Bf3 Ra8 39.h5 gxh5 
40.gxh5 Kg7 41.Qg2+ Kh8 42.Kh1 Rg8 43.Qh2 Rg7 
44.h6 Rh7 45.Rg1 Qa8 46.Qg2 Rxh6+ 47.Qh2 {big 
mistake}  Rxh2+ 48.Kxh2 Qf8 49.Kg2 Kg7 50.Kf1+ Kf7 
51.Bh5+ Ke7 52.Bc1 Qh6 53.Bf3 Qh3+ 54.Bg2 Qh4 
55.Rh1 Qg4 56.Bd2 Qd1+ 57.Be1 Qd3+ 58.Kf2 Qc2+ 
59.Kf1 Be8 60.Rh7+ Bf7 61.Bh4+ Kf8 62.Rh8+ Bg8 
63.Bf3 Qxc3 64.Bh5 Qc1+ 65.Kf2 Qd2+ 66.Kf3 Qd1+ 
67.Kf2 Qd2+ 68.Kf3 Qd1+ {(offering draw)} 
 1/2-1/2

[Event "HCL-E1601"]
[Site "www.playchess.de"]
[Date "2006.03.22"]
[Round "6"]
[White "Duffy"]
[Black "Niedermayr"]
[WhiteElo "1616"]
[BlackElo "1909"]
[PlyCount "50"]
[Result "0-1"]

1.d4 d5 2.c4 e6 3.Nc3 Nf6 4.g3 dxc4 5.Qa4+ Bd7 
6.Qxc4 Bc6 7.Nf3 Bxf3 8.exf3 c6 9.Be3 Nbd7 10.Bh3 
Be7 11.O-O O-O 12.Ne4 Nb6 13.Qb3 Qd5 14.Qc2 Nc4 
15.Bg5 Nd6 16.Nxf6+ Bxf6 17.Bxf6 gxf6 18.Qd3 Nb5 
19.Rfd1 Rfd8 20.Qe3 Nxd4 21.Rac1 Nxf3+ 22.Kf1 
Nxh2+ 23.Kg1 Nf3+ 24.Kf1 Nd4 25.Bg2 
Qe5 0-1

[Event "HCL-M890"]
[Site "www.playchess.de"]
[Date "2006.03.22"]
[Round "20"]
[White "Emerson"]
[Black "aldo"]
[WhiteElo "1802"]
[BlackElo "1833"]
[PlyCount "60"]
[Result "0-1"]

1.c4 {welcome and good luck!}  Nf6 2.Nc3 {:-((}  
c5 3.g3 g6 4.Bg2 Bg7 5.d3 O-O 6.f4 Nc6 7.Nf3 d5 
8.cxd5 Nxd5 9.Bd2 e6 10.O-O b6 11.a3 Bb7 12.Rc1 
Rc8 13.Nxd5 exd5 14.Bc3 d4 15.Bd2 Qe7 16.Re1 Rfe8 
17.Qa4 h6 18.b4 a6 19.bxc5 bxc5 20.Qc4 Nb8 21.Nh4 
Bxg2 22.Kxg2 Qb7+ 23.Kg1 Nd7 24.Rcb1 Qc6 25.Ng2 
Rcb8 26.e4 dxe3 27.Bxe3 Rb5 28.Rbd1 Nb6 29.Qc2 Rb2 
30.Qxc5 Qxg2+ 0-1

[Event "HCL-C4147"]
[Site "www.playchess.de"]
[Date "2006.03.23"]
[Round "3"]
[White "surak"]
[Black "Peanutbutterjelly"]
[WhiteElo "1095"]
[BlackElo "1000"]
[PlyCount "94"]
[Result "0-1"]

1.e4 e5 2.Nf3 Nc6 3.Bb5 Nge7 4.O-O a6 5.Ba4 d5 
6.Re1 Bd7 7.d3 h6 8.exd5 Nxd5 9.Bxc6 Bxc6 10.Rxe5+ 
Be7 11.c4 Nf6 12.Re1 Qd7 13.Ne5 Qd6 14.Nxc6 Qxc6 
15.Nd2 Qd6 16.Nf3 O-O-O 17.d4 c5 18.d5 Rhe8 19.Be3 
Ng4 20.h3 Nxe3 21.Rxe3 g5 22.a3 b5 23.b3 Bf6 
24.Rxe8 Rxe8 25.a4 Bxa1 26.Qxa1 b4 27.Qg7 f5 
28.Qa7 g4 29.Qa8+ Kd7 30.Qb7+ Qc7 31.Qxa6 gxf3 
32.Qb5+ Kd8 33.gxf3 Re7 34.a5 Re1+ 35.Kg2 Rb1 
36.a6 Rxb3 37.Qa4 Ra3 38.Qb5 Qa7 39.d6 Rxa6 40.d7 
Rb6 41.Qxc5 Qc7 42.Qf8+ Kxd7 43.Qxf5+ Kd8 44.Qf8+ 
Kd7 45.Qf7+ Kc8 46.Qf8+ Kb7 47.Qf4 
Qxf4 0-1

[Event "HCL-A2644"]
[Site "www.playchess.de"]
[Date "2006.03.23"]
[Round "5"]
[White "tuGGy"]
[Black "boko46"]
[WhiteElo "1594"]
[BlackElo "1700"]
[PlyCount "27"]
[Result "1-0"]

1.e4 e5 2.f4 d5 3.Nf3 dxe4 4.Nxe5 Bd6 5.d4 g6 
6.Bc4 Nh6 7.O-O O-O 8.Nc3 a6 9.Nxe4 Nf5 10.Ng5 
Bxe5 11.fxe5 Qxd4+ 12.Qxd4 Nxd4 13.Nxf7 Kg7 
14.Bh6+ 1-0

[Event "HCL-C4155"]
[Site "www.playchess.de"]
[Date "2006.03.23"]
[Round "10"]
[White "Tribun"]
[Black "thor"]
[WhiteElo "803"]
[BlackElo "987"]
[PlyCount "62"]
[Result "0-1"]

1.e4 e6 2.Nc3 d5 3.e5 c5 4.Bb5+ Bd7 5.Bxd7+ Nxd7 
6.f4 Ne7 7.Nf3 Nf5 8.Nb5 Qb6 9.a4 a6 10.Nd6+ Nxd6 
11.exd6 Bxd6 12.g3 Nf6 13.d3 O-O 14.Ng5 c4 15.f5 
exf5 16.c3 cxd3 17.Qxd3 Rfe8+ 18.Kd1 Ne4 19.Nxf7 
Nf2+ 20.Kc2 Nxd3 21.Kxd3 Kxf7 22.Rf1 g6 23.Bd2 Re4 
24.Rab1 Rae8 25.Kc2 R4e2 26.Rfd1 Rxh2 27.Rde1 Rxe1 
28.Rxe1 Qf2 29.Kb3 Qxd2 30.Rb1 Qc2+ 31.Ka2 
Qxa4+ 0-1

[Event "HCL-B3848"]
[Site "www.playchess.de"]
[Date "2006.03.23"]
[Round "5"]
[White "ivusko"]
[Black "fire-serpent"]
[WhiteElo "1216"]
[BlackElo "1060"]
[PlyCount "111"]
[Result "1-0"]

1.e4 e6 2.d4 d5 3.exd5 exd5 4.Nc3 c6 5.Nf3 Bg4 
6.h3 Bh5 7.Be2 Bd6 8.O-O Ne7 9.Re1 O-O 10.Be3 Nf5 
11.Bg5 Be7 12.Bf4 Bf6 13.Ne5 Bxe5 14.Bxe5 Bxe2 
15.Nxe2 Nd7 16.Bf4 Nf6 17.Qd3 Nd6 18.Bg5 h6 19.Bh4 
Nde4 20.f3 Nd6 21.c3 Nde8 22.a3 Qd6 23.Bg3 Qd7 
24.b4 Nh5 25.Bh2 Nd6 26.Nf4 Nxf4 27.Bxf4 Nc4 
28.Qc2 Rae8 29.Bg3 Ne3 30.Qd3 Nf5 31.Bh2 Rxe1+ 
32.Rxe1 Nd6 33.Bxd6 Qxd6 34.Qe3 b6 35.Kh1 a5 
36.Kg1 axb4 37.axb4 Qd7 38.Qd2 Re8 39.Kf2 Rxe1 
40.Qxe1 Qe6 41.Qd2 Qg6 42.Qa2 Qd3 43.Qa8+ Kh7 
44.Qxc6 Qd2+ 45.Kg1 Qd1+ {(offering draw)}  46.Kh2 
Qd3 47.Kg3 Qa6 48.b5 Qa7 49.Qxd5 Qc7+ 50.Qe5 Qxc3 
51.Qd5 f6 52.Qd6 Qa5 53.Qc6 Qe1+ 54.Kh2 Qa5 55.d5 
Qa7 56.d6 1-0

[Event "HCL-B3863"]
[Site "www.playchess.de"]
[Date "2006.03.23"]
[Round "1"]
[White "Sarek7"]
[Black "matthew"]
[WhiteElo "1150"]
[BlackElo "1314"]
[PlyCount "84"]
[Result "0-1"]

1.e4 e5 {hi}  2.Nf3 {hello!}  Nf6 3.Nxe5 d6 4.Nf3 
Nxe4 5.Nc3 Nxc3 6.bxc3 Nc6 7.d4 Bf5 8.Bd3 Bg4 9.h3 
Be6 10.O-O Be7 11.Rb1 Rb8 12.Be3 Bxa2 13.Ra1 Be6 
14.c4 Nb4 15.Rxa7 Nxd3 16.Qxd3 O-O 17.Ra5 b6 
18.Rh5 g6 19.Rb5 Bf5 20.Qb3 c6 21.Rb4 c5 22.dxc5 
dxc5 23.Rb5 Bf6 24.Rb1 Qd7 25.Rxb6 Rxb6 26.Qxb6 
Bd8 27.Qxc5 Bxh3 28.gxh3 Qxh3 29.Rb8 Qg4+ 30.Kf1 
Qxf3 31.Qc8 Qh1+ 32.Ke2 Qh5+ 33.Kd2 Ba5+ 34.Kc1 
Rxc8 35.Rxc8+ Kg7 36.Bd4+ Kh6 37.Be3+ g5 38.Rc6+ 
Kg7 39.Bd4+ Kf8 40.Bc5+ Ke8 41.Rc8+ Kd7 42.Ra8 
Qh1+ 0-1

[Event "HCL-M903"]
[Site "www.playchess.de"]
[Date "2006.03.23"]
[Round "5"]
[White "Eyechess"]
[Black "cubs"]
[WhiteElo "2059"]
[BlackElo "1782"]
[PlyCount "51"]
[Result "1-0"]

1.e4 {Greetings, are you from Illinois?}  c5 {No; 
I've been in Rochester, NY almost all my life.  
But I was born in Chicago and have been a Cubs fan 
since (oh, my!) 1945.  Where are you from?}  2.Nc3 
{I was born in LaSalle, IL and now live in Peoria, 
IL.  Coming from these parts I understand the 
diehard Cub's fan pretty well.}  g5 {Yup.  We are 
all insane, every last one.  Of course, you 
already know that the Loop is the enter of the 
Universe, and that everything else spins around 
it?}  3.d4 h6 4.dxc5 Bg7 5.Bd2 Nc6 6.Nge2 Nf6 7.h4 
g4 8.Be3 b6 9.cxb6 axb6 10.Nd4 Ne5 11.Nf5 Bf8 
12.Qd2 Qc7 13.Nb5 Qb8 14.Qc3 d6 15.Nc7+ Kd8 
16.Nxa8 Qxa8 17.Bxb6+ Ke8 18.Qc7 Bd7 19.Ba6 Qxe4+ 
20.Kf1 Nc6 21.Qb7 Qxf5 22.Qa8+ Bc8 23.Qxc6+ Qd7 
24.Qxc8+ Qxc8 25.Bxc8 Bg7 26.Rd1 1-0

[Event "ACL-M084"]
[Site "www.playchess.de"]
[Date "2006.03.23"]
[Round "10"]
[White "KFergason"]
[Black "michail"]
[WhiteElo "1960"]
[BlackElo "1947"]
[PlyCount "40"]
[Result "0-1"]

1.d4 Nf6 2.c4 e6 3.Nf3 b6 4.Nc3 Bb7 5.a3 d5 6.cxd5 
Nxd5 7.Qc2 Be7 8.e4 Nxc3 9.bxc3 Nd7 10.Bd3 c5 
11.O-O cxd4 12.cxd4 O-O 13.Bf4 Rc8 14.Qb3 a6 15.a4 
Rc6 16.Rfe1 Re8 17.Rac1 Qa8 18.Bc4 Rxc4 19.Rxc4 
Bxe4 20.Rc3 Nf6 0-1

[Event "HCL-A2601"]
[Site "www.playchess.de"]
[Date "2006.03.23"]
[Round "2"]
[White "Djusta"]
[Black "sarx"]
[WhiteElo "1268"]
[BlackElo "1165"]
[PlyCount "61"]
[Result "1-0"]

1.e4 e6 2.d4 d5 3.Nc3 Bb4 4.exd5 exd5 5.Bd2 Nf6 
6.Nf3 O-O 7.Bb5 c6 8.Ba4 b5 9.Bb3 Bg4 10.O-O Nbd7 
11.Re1 a5 12.a3 Bxc3 13.Bxc3 b4 14.axb4 axb4 
15.Bxb4 Rxa1 16.Qxa1 Bxf3 17.Bxf8 Qxf8 18.Re3 Be4 
19.f3 Bg6 20.Ba4 Qd6 21.Rc3 Nb6 22.Rxc6 Qd8 23.b3 
Nxa4 24.Qxa4 h6 25.b4 Qe8 26.Kf2 Nh5 27.g3 Bd3 
28.cxd3 Nf6 29.b5 Nd7 30.Qa7 Kh7 
31.b6 1-0

[Event "HCL-B3892"]
[Site "www.playchess.de"]
[Date "2006.03.23"]
[Round "10"]
[White "arsenius"]
[Black "IRONMAIDEN"]
[WhiteElo "871"]
[BlackElo "1239"]
[PlyCount "94"]
[Result "0-1"]

1.e4 e5 2.Nf3 Nc6 3.Bb5 Bd6 4.Nc3 Nge7 5.O-O O-O 
6.d4 exd4 7.Bxc6 dxc3 8.Ba4 cxb2 9.Bxb2 b6 10.Qd4 
f6 11.Ng5 Be5 12.Qb4 Bxb2 13.Qb3+ d5 14.Nxh7 Kxh7 
15.Qxb2 dxe4 16.c3 Ng6 17.Bc2 Bb7 18.Rae1 Re8 
19.Red1 Qe7 20.c4 f5 21.Ba4 c6 22.Rd2 Rad8 23.Rc2 
Qf6 24.Qc1 Rd4 25.Rc3 Kg8 26.c5 b5 27.Bb3+ Kf8 
28.Qe3 Red8 29.h3 a5 30.f3 a4 31.Bc2 Bc8 32.fxe4 
Kg8 33.exf5 Ne7 34.Rd3 R4xd3 35.Bxd3 Qd4 36.Qxd4 
Rxd4 37.Bb1 Kf7 38.g4 Rc4 39.Rd1 Rxc5 40.Kf2 Nd5 
41.Kg3 Rc3+ 42.Kh4 Ra3 43.g5 Nc3 44.Rc1 Nxb1 
45.Rxb1 Rxa2 46.Kg4 a3 47.h4 g6 0-1

[Event "HCL-B3902"]
[Site "www.playchess.de"]
[Date "2006.03.23"]
[Round "9"]
[White "kingdom_slayer"]
[Black "nogoodnik"]
[WhiteElo "1200"]
[BlackElo "1200"]
[PlyCount "93"]
[Result "1-0"]

1.e3 {steel sharpens steel ... good luck}  e5 {Hi. 
Good luck.}  2.Qf3 d5 3.Nc3 Nf6 4.h3 e4 5.Qf4 Bd6 
6.Qg5 O-O 7.Nxd5 Nxd5 8.Qxd5 c6 9.Qxe4 Re8 10.Qf3 
Nd7 11.Qh5 Nf6 12.Qh4 Bf5 13.Bd3 Bxd3 14.cxd3 Be7 
15.d4 Nd5 16.Qg4 Nb4 17.Qf5 g6 18.Qb1 c5 19.dxc5 
Bxc5 20.Ne2 Nd3+ 21.Kf1 Nxc1 22.Qxc1 Bf8 23.h4 Bb4 
24.Nd4 Rc8 25.Nc2 Bxd2 26.Qd1 Bxe3 27.Qxd8 Rexd8 
28.Nxe3 {i have the 1 piece advantage...steele 
sharpens steel but you are done...}  Rd2 29.g4 
Rxb2 30.h5 Rd8 31.hxg6 fxg6 32.Nc4 Rb4 33.Ne5 Kg7 
34.Kg2 Rd5 35.Rhe1 a5 36.Rac1 Kf6 37.Nc4 b5 38.Nb6 
Rdd4 39.Rc6+ Kg5 40.Re5+ Kxg4 41.Nd5 Rb2 42.Ne3+ 
Kf4 43.Re8 Rxa2 44.Rf8+ Ke4 45.Re8+ Kd3 46.Kf3 Re2 
47.Re7 1-0

[Event "HCL-E1529"]
[Site "www.playchess.de"]
[Date "2006.03.23"]
[Round "3"]
[White "kinghunter"]
[Black "chochoyp"]
[WhiteElo "1803"]
[BlackElo "2080"]
[PlyCount "62"]
[Result "1/2-1/2"]

1.d4 Nf6 2.Nf3 g6 3.e3 Bg7 4.c4 O-O 5.Nc3 d6 6.Be2 
Nbd7 7.O-O e5 8.b4 Re8 9.a4 e4 10.Nd2 Nf8 11.b5 h5 
12.a5 Bf5 13.a6 b6 14.Na2 N8h7 15.Nb4 h4 16.Nc6 
Qc8 17.Ba3 h3 18.g3 Ng4 19.Qb3 Ngf6 20.Rae1 Ng5 
21.c5 Bg4 22.f4 exf3 23.Nxf3 Nge4 24.Qc2 Be6 
25.cxd6 cxd6 26.Bc4 Qc7 27.Bxe6 Rxe6 28.Nd2 Rae8 
29.Nc4 Bh6 30.Bc1 Nd5 31.Bd2 Nxd2 {(offering 
draw)}  1/2-1/2

[Event "HCL-B3916"]
[Site "www.playchess.de"]
[Date "2006.03.23"]
[Round "9"]
[White "ama49"]
[Black "dg"]
[WhiteElo "1116"]
[BlackElo "1214"]
[PlyCount "69"]
[Result "1-0"]

1.e4 {hello again}  e5 {hi again.}  2.Nf3 d6 3.d4 
Bg4 4.dxe5 Bxf3 5.Qxf3 dxe5 6.Bc4 Qf6 7.Nd2 Nc6 
8.O-O Nd4 9.Qxf6 Nxf6 10.c3 Ne2+ 11.Bxe2 O-O-O 
12.Bf3 Bc5 13.Nb3 Bb6 14.Bg5 h6 15.Bxf6 gxf6 
16.Bg4+ Kb8 17.Rad1 Rdg8 18.Bf3 Rg5 19.Rd7 h5 
20.Rxf7 h4 21.Rxf6 a6 22.Rf5 Rxf5 23.exf5 h3 24.g3 
Ka7 25.Bg4 e4 26.Re1 e3 27.fxe3 c6 28.Kf2 a5 
29.Kf3 Ka6 30.e4 Kb5 31.e5 a4 32.Nd4+ Kc4 33.e6 
Bxd4 34.cxd4 Kxd4 35.e7 1-0

[Event "HCL-A2610"]
[Site "www.playchess.de"]
[Date "2006.03.23"]
[Round "4"]
[White "bossjos"]
[Black "hal1958"]
[WhiteElo "1264"]
[BlackElo "1428"]
[PlyCount "64"]
[Result "0-1"]

1.e4 d6 {laten we nog maar eens een partij 
beginnen}  2.d4 {waarom niet ?}  Nf6 {Ik moest 
wel, probeer maar eens een open toernooi te vinden 
waar jij je niet aangemeld hebt :-)}  3.Nc3 {zit 
nu aan het maximum partijen}  g6 4.f4 Bg7 5.Nf3 
O-O 6.Bd3 a6 7.O-O b5 8.Be3 Nbd7 9.f5 c5 10.dxc5 
dxc5 11.fxg6 fxg6 12.Qd2 c4 13.Be2 Ng4 14.Rad1 
Nxe3 15.Qxe3 Qb6 16.Qxb6 Nxb6 17.h3 Bxc3 18.bxc3 
Na4 19.Rda1 Nxc3 20.Rfe1 Nxe4 21.Bxc4+ bxc4 
22.Rxe4 Bb7 23.Rxe7 Bxf3 24.gxf3 Rxf3 25.Kg2 Rc3 
26.Re2 Rf8 27.Rb1 Rff3 28.Rb8+ Kg7 29.Ra8 Rfg3+ 
30.Kf2 Rcf3+ 31.Ke1 Rg1+ 32.Kd2 
c3+ 0-1